书目信息 |
| 题名: |
论共产主义教育
|
|
| 作者: | 加里宁 , Калинин 著 ;陈昌浩 译 | |
| 分册: | ||
| 出版信息: | 北京 中国青年出版社 1979 |
|
| 页数: | 293页 | |
| 开本: | 20cm | |
| 丛书名: | ||
| 单 册: | ||
| 中图分类: | G751.2 | |
| 科图分类: | ||
| 主题词: | 共产主义思想教育 , 教育--类型 | |
| 电子资源: | ||
| ISBN: | ||
| 000 | 00768nam0 2200265 45 | |
| 001 | 0179005129 | |
| 005 | 20060820145717.51 | |
| 010 | @dCNY0.77 | |
| 091 | @a3009.212 | |
| 100 | @a19950716d1979 em y0chiy0121 ea | |
| 101 | 0 | @achi |
| 102 | @aCN@b110000 | |
| 105 | @af z 000yy | |
| 200 | 10 | @a论共产主义教育@Alun gong chan zhu yi jiao yu@f(苏)加里宁(М.И.Калинин)著@g陈昌浩译 |
| 205 | @a2版 | |
| 210 | @a北京@c中国青年出版社@d1979 | |
| 215 | @a293页@c照片@d20cm | |
| 606 | @a共产主义思想教育 | |
| 606 | 0 | @a教育@x类型 |
| 690 | @aG751.2 | |
| 701 | 1 | @a加里宁@Ajia li ning@bМ.И.@4著 |
| 701 | A1 | @aКалинин@bМ.И.@4著 |
| 702 | 0 | @a陈昌浩@Achen chang hao@4译 |
| 801 | 0 | @aCN@bNLC@c20060820 |
| 905 | @f2@b32007-008@dG751.2@e10@b27024-025@f2 | |
| 论共产主义教育/(苏)加里宁(М.И.Калинин)著/陈昌浩译.-2版.-北京:中国青年出版社,1979 |
| 293页:照片;20cm |
| ISBN :CNY0.77 |
| ● |
| 相关链接 |
|
|
|
|
正题名:论共产主义教育
索取号:G751.2/10
 
预约/预借
| 序号 | 登录号 | 条形码 | 馆藏地/架位号 | 状态 | 备注 |
| 1 | 0027024 | 000295709 | 密集书库/ [索取号:G751.2/10] | 在馆 | |
| 2 | 0027025 | 000295718 | 密集书库/ [索取号:G751.2/10] | 在馆 | |
| 3 | 0027026 | 001784466 | 密集书库/ [索取号:G751.2/10] | 在馆 | |
| 4 | 0032007 | 000295656 | 第四借阅区/ [索取号:G751.2/10] | 在馆 | |
| 5 | 0032008 | 000295727 | 密集书库/ [索取号:G751.2/10] | 在馆 | |
| 6 | 0440048 | 204400488 | 密集书库/ [索取号:G751.2/10] | 在馆 | |
| 7 | 0471676 | 204716762 | 密集书库/ [索取号:G751.2/10] | 在馆 |